| 000 -LEADER |
| fixed length control field |
01810cam a2200373 a 4500 |
| 001 - CONTROL NUMBER |
| control field |
14187051 |
| 003 - CONTROL NUMBER IDENTIFIER |
| control field |
Nust |
| 005 - DATE AND TIME OF LATEST TRANSACTION |
| control field |
20170329100404.0 |
| 008 - FIXED-LENGTH DATA ELEMENTS--GENERAL INFORMATION |
| fixed length control field |
051202r20062005nyuab 000 1 eng |
| 010 ## - LIBRARY OF CONGRESS CONTROL NUMBER |
| LC control number |
2005057175 |
| 020 ## - INTERNATIONAL STANDARD BOOK NUMBER |
| International Standard Book Number |
9780349119700 |
| 035 ## - SYSTEM CONTROL NUMBER |
| System control number |
(OCoLC)ocm62533973 |
| 040 ## - CATALOGING SOURCE |
| Original cataloging agency |
DLC |
| Transcribing agency |
DLC |
| Modifying agency |
IG# |
| -- |
BAKER |
| -- |
ZJC |
| -- |
RLS |
| -- |
NPL |
| -- |
DLC |
| 043 ## - GEOGRAPHIC AREA CODE |
| Geographic area code |
e-uk-st |
| 050 00 - LIBRARY OF CONGRESS CALL NUMBER |
| Classification number |
PR6063.C326 |
| Item number |
E87 2006 |
| 082 00 - DEWEY DECIMAL CLASSIFICATION NUMBER |
| Classification number |
823.917 |
| Author Mark |
SMI |
| 100 1# - MAIN ENTRY--PERSONAL NAME |
| Personal name |
McCall Smith, Alexander, |
| Dates associated with a name |
1948- |
| 245 10 - TITLE STATEMENT |
| Title |
Espresso tales / |
| Statement of responsibility, etc. |
Alexander McCall Smith ; illustrations by Iain McIntosh. |
| 250 ## - EDITION STATEMENT |
| Edition statement |
1st Anchor Books ed. |
| 260 ## - PUBLICATION, DISTRIBUTION, ETC. |
| Place of publication, distribution, etc. |
New York : |
| Name of publisher, distributor, etc. |
Anchor Books, |
| Date of publication, distribution, etc. |
2006. |
| 300 ## - PHYSICAL DESCRIPTION |
| Extent |
vi, 342 p. : |
| Other physical details |
ill., map ; |
| Dimensions |
21 cm. |
| 500 ## - GENERAL NOTE |
| General note |
Originally published: Edinburgh : Polygon, 2005. |
| 500 ## - GENERAL NOTE |
| General note |
"This book is excerpted from a series that originally appeared in The Scotsman newspaper"--T.p. verso. |
| 500 ## - GENERAL NOTE |
| General note |
"The new 44 Scotland Street novel"--Cover. |
| 650 #0 - SUBJECT ADDED ENTRY--TOPICAL TERM |
| Topical term or geographic name entry element |
Roommates |
| Form subdivision |
Fiction. |
| 650 #0 - SUBJECT ADDED ENTRY--TOPICAL TERM |
| Topical term or geographic name entry element |
Apartment houses |
| Form subdivision |
Fiction. |
| 650 #0 - SUBJECT ADDED ENTRY--TOPICAL TERM |
| Topical term or geographic name entry element |
Humorous stories, English. |
| 651 #0 - SUBJECT ADDED ENTRY--GEOGRAPHIC NAME |
| Geographic name |
Edinburgh (Scotland) |
| General subdivision |
Social life and customs |
| Form subdivision |
Fiction. |
| 700 1# - ADDED ENTRY--PERSONAL NAME |
| Personal name |
McIntosh, Iain. |
| 856 42 - ELECTRONIC LOCATION AND ACCESS |
| Materials specified |
Contributor biographical information |
| Uniform Resource Identifier |
<a href="http://www.loc.gov/catdir/enhancements/fy0626/2005057175-b.html">http://www.loc.gov/catdir/enhancements/fy0626/2005057175-b.html</a> |
| 856 42 - ELECTRONIC LOCATION AND ACCESS |
| Materials specified |
Publisher description |
| Uniform Resource Identifier |
<a href="http://www.loc.gov/catdir/enhancements/fy0626/2005057175-d.html">http://www.loc.gov/catdir/enhancements/fy0626/2005057175-d.html</a> |
| 856 41 - ELECTRONIC LOCATION AND ACCESS |
| Materials specified |
Sample text |
| Uniform Resource Identifier |
<a href="http://www.loc.gov/catdir/enhancements/fy0661/2005057175-s.html">http://www.loc.gov/catdir/enhancements/fy0661/2005057175-s.html</a> |
| 906 ## - LOCAL DATA ELEMENT F, LDF (RLIN) |
| a |
7 |
| b |
cbc |
| c |
orignew |
| d |
1 |
| e |
ocip |
| f |
20 |
| g |
y-gencatlg |
| 942 ## - ADDED ENTRY ELEMENTS (KOHA) |
| Source of classification or shelving scheme |
|
| Koha item type |
Book |